000 00622nam a2200229Ia 4500
003 OSt
005 20220928104316.0
006 a|||||r|||| 00| 0
007 ta
008 220927b |||||||| |||| 00| 0 eng d
024 _a58842
037 _cTextual
040 _aSDCL
_cSDCL
_beng
041 _2eng
_aeng
082 _aR3'M46, K7
100 _aSaxena Sushil Kumar
_9409913
245 0 _aStudies in the metaphysics of bradley .
260 _aNew York
_b George Allen and Unwin
_c1967
300 _a276p.
_ccm.
942 _hR3'M46, K7
_cTEXL
_2CC
999 _c725495
_d725495